000 01302aam a2200349 i 4500
001 768714001
003 CO-MdFUSB
005 20250909112236.0
007 ta
008 240704t1982 enk |||| |||| 00| 0 eng d
040 _cCO-MdFUSB
041 0 _aeng
082 0 4 _a220.6
_223
_bB268
100 1 _aBarr, James
_eautor
245 1 0 _aOld and New in Interpretation
_b: a study of the two testaments
_c/ James Barr
250 _asegunda edición
264 1 _bSCM Press,
_aLondon :
_c[1982]
264 4 _c©1982
300 _a215 páginas
_c; 22 cm
336 _2rdacontent
_atexto
_btxt
337 _2rdamedia
_asin mediación
_bn
338 _2rdacarrier
_avolumen
_bnc
500 _aTabla de contenido traducida por la agencia catalogadora
505 _aLa naturaleza múltiple de la tradición del Antiguo Testamento ¿Atenas o Jerusalén? --La cuestión del carácter distintivo. -- Los conceptos de historia y revelación. -- Tipología y Alegoría. -- Antiguo y Nuevo Testamento en la obra de la Salvación.
563 _aRústico
653 _aBiblia -- Hermenéutica
653 _aBiblia. Nuevo Testamento -- Relación con el Nuevo Testamento
653 _aBiblia. Nuevo Testamento -- Uso del Antiguo Testamento
942 _cBK
945 _aJTF-925
999 _c44120
_d44120